000 00743nam a2200289Ia 4500
005 20260324123455.0
008 008 260324s9999 xx 000 0 eng d
020 _a9780203098196
037 _aEBOOK
040 _aCRL
040 _beng
040 _cCRL
041 _2eng
041 _aeng
084 _qCRL
100 _aIgor Guardiancich
_91170447
245 0 _aPension Reforms in Central, Eastern and Southeastern Europe
245 0 _bFrom Post-Socialist Transition to the Global Financial Crisis
260 _bTaylor and Francis
260 _c2012
365 _a
365 _b240
856 _uhttp://www.taylorfrancis.com/books/9780203098196
942 _cEBOOK
999 _c1764001
_d1764001